000 00882nac a22002657a 4500
001 BR7705009
003 BR-BrBNA
005 20240105114136.0
008 230509b bl.|||m| |||| 00| 0 por d
040 _aBR-BrBNA
_bpor
_cBiblioteca Nacional de Agricultura
072 _aL73
090 _a5212 BR7705009
110 1 _aSecretaria de Estado da Agricultura, Curitiba, PR (Brasil). Depto. de Fiscalizacao
_98818
245 1 _aPlano nacional do combate a febre aftosa; informe quadrimestral de campo, janeiro 1977 [bovino, vacina, Parana, Brasil]
260 3 _aCuritiba, PR (Brasil):
_c1977.
300 _a86 p.
490 _aPopulacao Bovina por Faixa Etaria e Sexo (Brazil)
_v
_x
500 _aNumerical data
650 _aVACINA
650 _aBOVINO
650 _aAFTOSA
650 _aPARANA
909 _a202312
_bLúcia Elande
_c55
_dLúcia Elande
942 _2AGRIS
_n0
_cMS
999 _c267619
_d267619